MARC

LEADER 00000nam0a2200000 4500
001 57605
005 20231101211658.0
010 |a 184216872X 
035 |a (RuTPU)RU\TPU\book\60818 
090 |a 57605 
100 |a 20031112d2000 m y0engy50 ba 
101 0 |a eng 
102 |a GB 
105 |a a j 000zy 
200 1 |a Mission 2. Coursebook  |f V. Evans, J. Dooley 
210 |a Newbury  |c Express Publishing  |d 2000 
215 |a 208 p.  |c il. 
606 1 |a Английский язык  |x Учебные руководства и пособия  |x Учебные руководства и пособия для высшей школы  |2 stltpush  |3 (RuTPU)RU\TPU\subj\29071  |9 52483 
610 1 |a сертификаты 
610 1 |a фонетика 
610 1 |a грамматика 
610 1 |a разговорная речь 
610 1 |a упражнения 
686 |a Ш143.21-923  |v LBC/SL-A  |2 rubbk 
700 1 |a Evans  |b V.  |g Virginia 
701 1 |a Dooley  |b J.  |g Jenny 
801 1 |a RU  |b 63413507  |c 20031112  |g PSBO 
801 2 |a RU  |b 63413507  |c 20230331  |g PSBO 
942 |c BK